[Event "EU-ch 6th"]
[Site "Warsaw"]
[Date "2005.06.22"]
[Round "5"]
[White "Malakhov, Vladimir"]
[Black "Chuchelov, Vladimir"]
[Result "1-0"]
[WhiteElo "2670"]
[BlackElo "2571"]
[Annotator "Stohl,I"]
[PlyCount "91"]
[EventDate "2005.06.18"]
[EventType "swiss"]
[EventRounds "13"]
[EventCountry "POL"]
[SourceTitle "CBM 108"]
[Source "ChessBase"]
[SourceDate "2005.09.26"]
[SourceVersion "1"]
[SourceVersionDate "2005.09.26"]
[SourceQuality "1"]

1. Nf3 Nf6 2. c4 b6 3. g3 c5 4. Bg2 Bb7 5. Nc3 g6 6. O-O Bg7 7. Re1 Ne4 8. Nxe4
Bxe4 9. d4 O-O ({Black has higher ambitions, than having to neutralize a
slight, but nagging edge after} 9... cxd4 10. Bh6 Bxh6 11. Qxd4 O-O 12. Qxe4
$14) 10. d5 b5 $5 {This pawn sacrifice in the spirit of the Benko Gambit is
the point of Black's previous move.} (10... d6 {is too tame, giving White ()[+]
and time to develop his initiative:} 11. Bh3 Bxf3 12. exf3 Nd7 13. Qa4 Nf6 14.
f4 a6 15. f5 b5 16. cxb5 axb5 17. Qxb5 Nxd5 18. Bg2 Rb8 19. Qe2 Nc7 20. Qxe7
Bxb2 21. Bxb2 Rxb2 22. a4 c4 23. a5 d5 24. a6 d4 25. Qc5 c3 26. a7 $16 {
Miralles,G-Koch,J/Paris/1989/}) ({A possible alternative is the more active} 
10... e6 11. Bf1 (11. Bh3 Bxf3 12. exf3 Na6 13. Re2 Nc7 14. Bf4 Bd4 15. Qa4 a6
16. Rd1 exd5 17. Bxc7 Qxc7 18. cxd5 b5 19. Qc2 Qd6 20. b4 Rac8 $15 {[%csl Gd4,
Rh3] ^-,Borgo,G-Pavlovic,M/Lido Estensi/2003/}) 11... exd5 (11... Bxf3 $142 12.
exf3 Na6 $5) 12. cxd5 h6 13. Qb3 d6 14. Nd2 Bf5 15. Nc4 Bc8 16. a4 Ba6 17. e4
Bxc4 18. Bxc4 Nd7 19. f4 a6 20. Qd3 $36 {Lobron,E-Bandza,A/Wiesbaden/1993/})
11. cxb5 a6 12. bxa6 (12. Bf1 d6 (12... e6 $6 13. dxe6 dxe6 14. Qxd8 Rxd8 15.
b6 Nd7 16. Nd2 Bc6 17. Nc4 a5 18. Bf4 Bd5 19. Rac1 Bxc4 20. Rxc4 Nxb6 21. Rxc5
Nd5 22. Bg5 Rdb8 23. b3 a4 24. Bg2 axb3 25. axb3 Rxb3 26. Bxd5 exd5 27. Rxd5
$14 {/+/-,Ruck,R-Babula,V/EU-chT Gothenburg/2005/}) (12... Qa5 $5 $13 {/\} 13.
Ng5 Bc2) 13. Nh4 Qa5 14. Bd2 Qxb5 15. Bc3 Qb7 16. Bg2 $11 {1/2,Romanishin,
O-Conquest,S/Saint Vincent/2000/}) 12... Rxa6 13. Nd2 (13. Ng5 Bxg2 14. Kxg2 d6
15. e4 Nd7 16. h4 Qa8 17. a3 h6 18. Nh3 Ra4 19. h5 g5 20. f4 g4 $1 21. Qxg4 f5
$44 {Andonov,B-Antic,D/Obrenovac/2002/}) 13... Bxg2 14. Kxg2 d6 15. a3 $5 $146
{[%mdl 8] A sensible novelty, White's N doesn't hurry to occupy the vulnerable
c4-square as in the folowing example:} (15. Nc4 Nd7 16. e4 Qa8 17. a3 Ra4 18.
Qc2 Qa6 19. Ne3 Ne5 20. Rd1 Rd4 21. Ra2 Rb8 (21... f5 $5 $44) 22. b4 Rxd1 23.
Nxd1 Rc8 24. bxc5 Rxc5 25. Qb1 Nd3 26. Be3 Rc8 $44 {Summerscale,A-Adams,M/
GBR-ch Hove/1997/}) 15... Nd7 16. Rb1 {[%cal Yb2b4] /\b3,b4+/=} Qa8 17. e4 f5
$5 {This weakens not only White's [+] and >>, but also Black's >>. In the end
Chuchelov will pay the price for not following up the text-move energetically
enough.} (17... Ne5 18. b4 $5 {/\} (18. Qe2 e6 19. f4 Nd7 20. dxe6 fxe6 21. b4
d5 $132) 18... Nd3 19. Re3 Nxc1 20. Qxc1 $14) (17... Rb8 18. b3 $14) 18. f3
fxe4 19. fxe4 Ne5 20. Qe2 (20. b4 cxb4 21. axb4 Ra2 $132 {[%csl Rg2] עg2})
20... Rb6 21. Nc4 Rb3 (21... Nxc4 22. Qxc4 Qb7 $5 {[%cal Yf8b8]} 23. b3 $5 (23.
b4 cxb4 24. Rxb4 Rxb4 25. Qxb4 Qxb4 26. axb4 Bc3 $11) 23... Bd4 $13) 22. Nxe5
Bxe5 23. Bh6 Rf7 $6 (23... Bg7 24. Bxg7 Kxg7 25. Rf1 Rf6 $5 $13 {/+/=}) (23...
Rfb8 24. Qg4 $1 Rxb2+ 25. Rxb2 Rxb2+ 26. Kh1 $36) 24. Rf1 $1 Rxf1 (24... Rf6
$142 $5) 25. Qxf1 Rxb2+ $2 {Black regains the P, but his position quickly
becomes critical. He should have tried to retain the pressure:} (25... Bg7 $14)
(25... Qc8 $5) 26. Rxb2 Bxb2 27. Qb5 $5 (27. a4 Bf6 (27... Bc3 28. a5 $1 $16 {
[%csl Ga5] /\} Bxa5 $2 29. Qa1 e5 30. Bd2 $18) 28. Qb5 {-27.Qb5}) 27... Bf6 (
27... Bxa3 28. Qd7 Bb2 29. Qe6+ Kh8 30. Qxe7 Be5 $8 31. Bf4 $1 Bxf4 32. gxf4
Qb8 33. e5 $18) 28. a4 $36 {[%csl Ga4,Rg8] o^,עg8 Black's K is trapped in a
mating net and the a-pawn marches on.} g5 {Black still finds some <=> and the
final phase will be exciting.} 29. a5 Kf7 30. h4 $1 {[] An excellent move,
White must free some space around his K to avoid a perpetual when Black frees
his Q.} (30. a6 Kg6 (30... g4 31. Qb7 Qe8 $1 $132 (31... Qg8 32. a7 Qg6 33. Qb1
Qxh6 34. a8=Q Qe3 35. Qf1 Qxe4+ 36. Kg1 Kg7 37. h3 $18)) 31. Qb7 Qe8 32. Bxg5 (
32. a7 Qa4 $11) 32... Bxg5 33. a7 Qa4 $11) (30. h3 $2 Kg6 31. a6 Kxh6 32. Qb7
Qf8 $1 33. a7 Bd4 $19) 30... gxh4 31. a6 Qg8 32. Bf4 Qg4 33. Qf1 $1 (33. a7 $2
h3+ {/\} 34. Kh2 Qf3 35. Kxh3 Qh1+ 36. Kg4 h5+ 37. Kf5 Qh3+ 38. g4 Qxg4#) 33...
Qd7 (33... hxg3 34. a7 Qc8 35. Qb5 h5 36. e5 $1 dxe5 37. Qc6 Qg4 38. Qe6+ $18)
34. Qe2 Qa4 35. Qh5+ (35. gxh4 $2 Ke8 $1 $13 {allows Black's K to escape.})
35... Kg8 36. Qg4+ Kf7 37. Bh6 $1 {White again exploits the mating threats.}
hxg3 (37... Qxa6 $2 38. Qh5+ Kg8 39. Qe8#) 38. Kxg3 Qa3+ 39. Qf3 Qa4 40. Qh5+
Kg8 41. Qg4+ Kf7 42. a7 $1 $18 Qa3+ (42... Qxa7 43. Qh5+) (42... c4 43. Qf5 Ke8
44. Qc8+ Kf7 45. Qf8+ (45. a8=Q $2 Qb3+ 46. Kg4 Qd1+ $11) 45... Kg6 46. Be3 $1
Qa3 47. Qg8+ Bg7 48. Kf3 $18) 43. Qf3 Qa4 44. e5 $1 dxe5 $8 45. Qh5+ Kg8 46.
Qg4+ {[%csl Ga7] After the Q-swap the o^ finally queens.} 1-0

[Event "Manila zt 3.2a"]
[Site "Manila"]
[Date "2001.04.30"]
[Round "9"]
[White "Villamayor, Buenaventura"]
[Black "Nguyen, Anh Dung"]
[Result "1/2-1/2"]
[WhiteElo "2560"]
[BlackElo "2557"]
[Annotator "Stohl,I"]
[PlyCount "113"]
[EventDate "2001.04.24"]
[EventType "swiss"]
[EventRounds "9"]
[EventCountry "PHI"]
[SourceTitle "CBM 083"]
[Source "ChessBase"]
[SourceDate "2001.07.05"]
[SourceVersion "1"]
[SourceVersionDate "2001.07.05"]
[SourceQuality "1"]

1. d4 Nf6 2. c4 e6 3. g3 c5 4. Nf3 b6 5. Bg2 Bb7 6. O-O cxd4 7. Qxd4 d6 8. Nc3
a6 9. Rd1 Nbd7 10. b3 Qc7 $6 {In this line White strives for a quick e4-e5 and
wants to get a better _|_ with a << pawn majority, possibly a black ק on c5.
Black can however avoid any problems like this and retain the typical flexible
Hedgehog position-in this sense the text is not the most accurate reaction.} (
10... Be7 $142 11. e4 (11. Ba3 Nc5 12. Ne1 Qc7 13. Bxb7 Qxb7 14. Nd3 O-O 15.
Qe3 Rfd8 16. Nxc5 bxc5 17. Rd3 Ng4 18. Qe4 Qxe4 19. Nxe4 f5 20. Nc3 Ne5 21. Rd2
g5 22. Kg2 Kf7 23. Bb2 Bf6 24. h3 h5 $11 {Andersson,U-Browne,W/Luzern olm/1982/
}) 11... Qc8 $5 (11... Qb8 12. Ba3 Nc5 13. e5 dxe5 14. Qxe5 Ncd7 15. Qxb8+ Rxb8
16. Bb2 O-O 17. Nd4 Rfc8 18. Rac1 Kf8 19. h3 Rc5 20. f4 h5 21. g4 $1 hxg4 22.
hxg4 Nxg4 23. Nxe6+ fxe6 24. Rxd7 Bxg2 25. Kxg2 $14 {Stohl,I-Greenfeld,A/WChJ
U20 Belfort/1983/}) 12. Bb2 O-O 13. Rac1 Re8 14. h3 Bf8 (14... Qc7 15. Ba3 Nc5
16. Nd2 Rad8 17. Qe3 Qb8 18. b4 Ncd7 19. Bb2 Bf8 20. Ne2 d5 21. e5 Ne4 22. Nxe4
dxe4 23. a3 a5 24. Bxe4 axb4 25. axb4 Bxb4 $11 {Espig,L-Pelletier,Y/Bundesliga
0001/2001/}) 15. Qe3 Qc7 16. g4 Rad8 17. Nd4 Ne5 18. Nde2 Ba8 19. Ng3 Qb8 20.
g5 Nfd7 21. Qe2 Ng6 22. Nh5 Bc6 23. Qg4 b5 24. cxb5 axb5 25. Ne2 Ba8 26. h4 d5
$132 {Villamayor,B-Ekstroem,R/Elista olm/1998/}) 11. e4 Be7 12. Ba3 Nc5 13. e5
dxe5 14. Qxe5 Rc8 {The best move.} (14... Qxe5 15. Nxe5 Bxg2 16. Kxg2 Rc8 17.
Rac1 Rc7 18. Rc2 O-O 19. Rcd2 h6 20. Bxc5 $1 bxc5 (20... Bxc5 21. Na4 Bb4 22.
Rd4 $36) 21. f4 Rfc8 22. Kf3 Kf8 23. g4 g5 24. f5 exf5 25. gxf5 Kg7 26. Nd7
Nxd7 27. Rxd7 Bf6 28. Rxc7 Rxc7 29. Ne4 Bd4 30. b4 f6 31. a4 a5 32. b5 h5 33.
b6 Rb7 34. Rxd4 $1 $18 {Villamayor,B-Mascarinas,R/Quezon City/2000/ This game
shows White's plan when all goes ideally. Villamayor aims for a similar
position, but Nguyen defends much better.}) ({Avoiding the Q-swap is very
dangerous for Black:} 14... Qc8 15. Na4 $1 Ncd7 (15... Nfd7 16. Qxg7 Bf6 17.
Qh6 Bxa1 18. Nxc5 bxc5 (18... Nxc5 19. Rxa1 Qc7 20. Rd1 Rd8 21. Re1 Kd7 22. Bb2
Bxf3 23. Bxf3 Rhg8 24. Be5 Qa7 25. Bf6 Rde8 26. b4 Na4 27. Qxh7 Ref8 28. Qe4 {
1-0,Olafsson,H-Kindermann,S/Reykjavik/1982/}) 19. Rxa1 Qc7 20. Bb2 Rf8 (20...
Rg8 21. Qxh7 O-O-O 22. Bc3 f5 23. Re1 Qd6 24. Nh4 Bxg2 25. Nxg2 Rgf8 26. Qh6
Rfe8 27. Ba5 Ne5 28. Qe3 Nd3 29. Rd1 {1-0,Stean,M-Ligterink,G/Marbella zt/1982/
}) 21. Qh4 f6 22. Qh5+ Rf7 23. Re1 e5 {Stigar,P-Welin,T/Gausdal/1982/} 24. Bxe5
Nxe5 25. Nxe5 fxe5 26. Bxb7 Qxb7 27. Qxe5+ Re7 28. Qh8+ Kf7 29. Qxh7+ Kf6 30.
Qh4+ Kf7 31. Qh5+ Kg7 (31... Kf6 32. Rxe7 Qxe7 33. Qf3+ $18) 32. Qg5+ Kf8 (
32... Kf7 33. Rxe7+ Qxe7 34. Qd5+ $18) 33. Qf6+ Ke8 34. Rxe7+ Qxe7 35. Qc6+ $18
) 16. Qb2 Bxa3 17. Qxa3 b5 18. Nb2 Qc5 19. Qxc5 Nxc5 20. b4 $36) 15. Qxc7 (15.
Qe2 Na4 16. Nxa4 Bxa3 17. Nd4 Bxg2 18. Kxg2 O-O 19. Nc2 Be7 20. Ne3 Qb8 21.
Rac1 b5 22. Nc3 Ba3 23. Rc2 Bc5 $11 {Georgiev,K-Nisipeanu,L/EU-ch Ohrid/2001/})
({With Black's K still uncastled he can react well to a possible Bxc5 with
Bxc5 and Ke7. Thus the placement of the Ba3 is not ideal and White should
transfer it to a more active position:} 15. Bc1 $142 $5 Qxe5 16. Nxe5 Bxg2 17.
Kxg2 O-O (17... Nfe4 18. Nxe4 Nxe4 19. Be3 Nc5 20. Rac1 f6 21. Nd3 Kf7 22. Nxc5
bxc5 23. Rd7 Rhd8 24. Ra7 Rc6 25. Rc2 $1 e5 26. Rd2 $16 {Zifroni,D-Kaspi,A/Tel
Aviv/1998/}) 18. Be3 Rfd8 19. Rxd8+ Bxd8 20. Rd1 Bc7 21. Nc6 (21. f4 $5) 21...
Kf8 {Schirm,F-Bethe,S/Bargteheide/1988/} 22. Bxc5+ bxc5 23. Na4 $36) 15... Rxc7
16. Ne5 {Allows considerable simplification, but White already has no
advantage even after the more ambitious alternative:} (16. Bc1 Nfe4 $1 (16...
O-O $143 17. Bf4 Rcc8 18. Bd6 $14 (18. Ne5 $14)) 17. Nxe4 Bxe4 18. Bf4 Rc8 19.
Rd2 (19. Bd6 Bf6 20. Ne5 Nb7 21. f4 Nxd6 22. Rxd6 Be7 23. Rdd1 Bxg2 24. Kxg2 f6
25. Nf3 Bc5 26. Rd3 Rd8 27. Rad1 $11 {1/2,Andersson,U-Browne,W/Naestved/1985/})
(19. Ne5 f6 20. Nf3 Kf7 21. Be3 Rhd8 22. Rd4 Rxd4 23. Nxd4 Bxg2 24. Kxg2 Bf8
25. Kf1 Rd8 {1/2,Hansen,M-Kumaran,D/Lyngby/1990/}) 19... Bc6 20. Rad1 f6 21.
Be3 Kf7 22. Ne1 Rhe8 23. Bxc6 Rxc6 24. f3 Rec8 25. Kf1 Ke8 26. Nc2 R6c7 27. Nd4
Kf7 $11 {Nogueiras,J-Short,N/Montpellier ct/1985/ All the above games show
it's important for Black to keep his K closer to the [+] on a safe square as
f7 (possibly e7).}) 16... Bxg2 17. Kxg2 Ncd7 ({Another plausible alternative is
} 17... Nce4 18. Bxe7 (18. Bb2 $142 $5 {keeps at least some tension in the
position.}) 18... Kxe7 19. Nxe4 Nxe4 20. Rd4 Nc5 21. Rad1 f6 22. Nf3 e5 23. Rd5
Ne6 24. Rd6 Rb8 25. h4 h5 26. Kf1 Nc5 27. Ne1 Ne4 28. R6d3 b5 $11 {Frois,
A-Santos,C/Lisboa/1998/}) (17... O-O $143 $6 18. f4 $36 {is what Black is
trying to avoid.}) 18. Nxd7 (18. Bxe7 Kxe7 19. Nxd7 Rxd7 20. Rxd7+ Nxd7 21. Re1
Rc8 22. Nd5+ Kd6 23. Ne3 $11 {1/2,Istrate,B-Berescu,A/Predeal op/1997/}) 18...
Bxa3 ({The text is safer than} 18... Rxd7 19. Bb2 Rxd1 $6 (19... Rb7 $142 $5 {
[%cal Ye8g8,Yh8c8,Yg8e8] /\0-0,Rc8,Kf8-e8 With his shaky << it's better for
Black to keep more defensive pieces on the board for the time being.}) 20. Rxd1
O-O 21. Na4 b5 22. Nb6 bxc4 23. bxc4 Rb8 24. Bd4 {[%csl Gc4] o^c} e5 25. Nd5
exd4 26. Nxe7+ Kf8 27. Nf5 g6 28. Nd6 Rb2 29. Rxd4 Rxa2 30. c5 Rc2 31. Nc4 $14
{Larsen,B-Foisor,O/New York op/1988/}) 19. Nxf6+ gxf6 $11 {[%csl Ga3][%mdl
4112] _|_ Despite White's better pawn structure Black has no problems, his
active B keeps White's << pawns well in check.} 20. Rd3 Rd7 (20... f5 21. Rad1
Ke7 22. Ne2 b5 23. cxb5 axb5 24. Nd4 Rb8 25. R1d2 Kf6 26. f4 Rc5 27. Nf3 Bb4
28. Re2 Bc3 29. Rc2 Rbc8 30. Rd7 h6 31. a4 bxa4 32. bxa4 R8c7 33. Rxc7 Rxc7 34.
Nd4 (34. Kf1 $5 $14) 34... Rd7 35. Nxf5 Kxf5 36. Rxc3 Rd2+ 37. Kh3 Ra2 38. Rc5+
Kg6 39. a5 h5 $11 {Bang,A-Stojanovski,S/Copenhagen/1996/}) 21. Rad1 (21. Rxd7
Kxd7 22. Rd1+ Kc6 23. Ne4 Be7 24. g4 Rd8 (24... h5 $11) 25. Rxd8 Bxd8 26. f4 f5
27. gxf5 exf5 28. Ng3 Kc5 29. Nxf5 Kb4 $132 {Feustel,B-Schlemmermeyer,
WBundesliga 8384/1983/}) 21... Rxd3 22. Rxd3 Ke7 23. Ne2 {In this structure
even in a minor piece _|_ Black usually has little to fear:} (23. f4 f5 24. Kf3
h5 25. Re3 Bc5 26. Re1 Rd8 27. Rd1 Rxd1 28. Nxd1 Bd4 29. Ne3 Kd6 30. Nc2 Kc5
31. h3 f6 32. g4 hxg4+ 33. hxg4 fxg4+ 34. Kxg4 Bc3 $11 {Vul,A-Gocheva,R/Ano
Liosia/1997/}) 23... f5 24. h3 Bd6 25. Nd4 Rc8 26. g4 (26. a4 Be5 27. Nf3 Bf6
$11) 26... fxg4 27. hxg4 Be5 28. Kf3 (28. Ne2 {[%cal Yd3h3] /\Rh3} b5 29. cxb5
axb5 $11) 28... Bxd4 (28... b5 29. cxb5 Bxd4 30. Rxd4 axb5 31. Rb4 Rc5 $11) 29.
Rxd4 Rc5 $1 {Black activates his R and plans to get rid of his only isolated P
with h5.} 30. b4 Rg5 31. Kg3 Re5 $5 ({Black doesn't want to commit himself
prematurely to} 31... h5 32. Kh4 Rxg4+ 33. Rxg4 hxg4 34. Kxg4 Kd6 35. Kf4 f6
$11 {altough the P_|_ is also drawn.}) 32. Rd2 (32. Rd3 $5 {/\Ra3} Re4 33. Rc3
$11) 32... h5 33. gxh5 (33. Kf4 $142 f6 34. gxh5 Rxh5 35. Ke3 $11) 33... Rxh5
34. Kg4 $6 (34. Kf3 $142 Rh4 35. Rc2 b5 36. cxb5 axb5 37. a3 Rh3+ 38. Ke2 Rxa3
39. Rc5 $11) 34... Rh1 $36 35. Rd4 (35. c5 bxc5 36. bxc5 Rc1 37. Rd6 a5 $15) (
35. Rc2 Rb1 36. a3 Rb3 37. c5 bxc5 38. bxc5 Kd7 $1 $17) 35... Ra1 36. c5 $8
bxc5 37. bxc5 Rxa2 38. Kg3 (38. c6 $2 Rxf2 39. Rd7+ (39. Rc4 Kd8 $19) 39... Kf6
40. Ra7 Ke5 $5 41. Rxa6 f5+ 42. Kg3 Rc2 $19) 38... Ra5 (38... Rc2 39. Ra4 Rxc5
40. Rxa6 $11 {/=/+ is insufficient to win.}) 39. c6 Rd5 (39... Rc5 40. Rd7+ Kf6
(40... Ke8 41. Rc7 $15 (41. Rd6 a5 42. Kf3 a4 $17)) 41. Rc7 $5 {/\} (41. c7 a5
$17) 41... a5 42. Ra7 $11) 40. Rc4 Kd8 41. c7+ Kc8 42. Rc6 a5 43. Kf3 a4 (43...
Rd7 44. Ra6 {leads nowhere.}) 44. Ra6 Rd4 45. Ke3 e5 (45... Rc4 46. Kd3 (46.
Ra7 e5 47. Kd3 $15) 46... Rf4 47. Ke3 e5 48. Ra7 {is similar to the game.}) (
45... Rb4 $142 $5 $15 {[%cal Rb4b3,Ra4a3] /\Rb3,a3 gives Black more winning
chances.}) 46. Ra7 f5 47. Ke2 Rb4 48. Kd3 Re4 (48... Rb3+ 49. Kc4 $1 (49. Kd2
a3 $17) 49... e4 (49... Rf3 50. Kd5 e4 51. Kd6 Rd3+ 52. Kc6 $11) 50. Kd5 Kd7
51. Rxa4 Rb2 52. Rc4 Kc8 53. f3 e3 54. Ke5 $11) 49. Kd2 f4 50. Kd3 Rd4+ 51. Kc3
$8 (51. Ke2 $143 $2 e4 52. Kf1 f3 53. Ke1 Kd7 $22 54. Rb7 a3 55. Ra7 Rd3 $19)
51... f3 52. Ra5 Re4 (52... Kxc7 53. Rxe5 Rd1 (53... Rf4 54. Re3 $11 {and
Black has no way to improve his pieces.}) 54. Rf5 a3 55. Ra5 $11) 53. Kd3 Re2
54. Rxa4 Rxf2 55. Ke3 Rf1 56. Rc4 $22 {Black loses one of his pawns with a
clear draw.} e4 57. Kxe4 1/2-1/2